000 01230nabaa22002177a 4500
999 _c6181
_d6181
003 OSt
005 20260125000955.0
008 190701b xxu||||| |||| 00| 0 spa d
040 _cPJ
100 _96923
_aGambarini, Juan Pablo
245 1 3 _aLos derechos de los licenciatarios de servicios de TIC en la República Argentina, en un contexto de convergencia tecnológica /
_cJuan Pablo Gambarini.
300 _ap. 36-66
500 _aCita: TR LALEY AR/DOC/1655/2024
505 _aSumario: I. Introducción.— II. Servicios de tecnologías de la información y las comunicaciones (servicios de TIC).— III. Marco normativo.— IV. Licencias y licenciatarios.— V. El inicio de las actividades. El ejercicio de los derechos de los licenciatarios y sus efectos.— VI. Los derechos de los licenciatarios frente al dominio público.— VII. Conclusión.
505 _t¿Te interesa el texto completo? Comunicate al correo: koha@justierradelfuego.gov.ar
650 0 _9211
_aDERECHO ADMINISTRATIVO
650 0 _aBIEN DEL DOMINIO PUBLICO
650 0 _aLICENCIA DE TECNOLOGIA
773 0 _02842
_93251
_dBuenos Aires : AbeledoPerrot, 2012-
_oDA121
_tDerecho administrativo. Nº 154 julio/agosto 2024
_z18510590
942 _2udc
_cANA